000 00798cam a22002414a 4500
001 12842183
005 20180302070148.0
008 020703s2003 mauab b 001 0 eng
010 _a 2002029371
020 _a0767426037 (softcover : alk. paper)
040 _aDLC
_cDLC
_dDLC
041 _aeng
042 _apcc
080 _a305.800723 WAL
082 0 0 _a305.800723 WAL
_221
100 _a24
101 _aANT
245 0 0 _aPersonal encounters :
_c[edited by] Linda S. Walbridge, April K. Sievert.
504 _aIncludes bibliographical references and index.
906 _a7
_bcbc
_corignew
_d1
_eocip
_f20
_gy-gencatlg
942 _2ddc
_cBK
999 _c44020
_d44020